[Event "SVK-chT4 A21 2223"]
[Site "Slovakia"]
[Date "2023.01.15"]
[Round "6.4"]
[White "Visvader, Kristof"]
[Black "Kanka, Tomas"]
[Result "0-1"]
[WhiteElo "1582"]
[BlackElo "1712"]
[PlyCount "32"]
[EventDate "2022.10.09"]
[EventType "team-tourn"]
[EventRounds "11"]
[EventCountry "SVK"]
[SourceTitle "EXT 2024"]
[Source "ChessBase"]
[SourceDate "2023.10.10"]
[SourceVersion "1"]
[SourceVersionDate "2023.10.10"]
[SourceQuality "1"]
[WhiteTeam "Brezova pod Bradlom"]
[BlackTeam "Gbely Interchess"]
[WhiteTeamCountry "SVK"]
[BlackTeamCountry "SVK"]

1. e4 d5 2. exd5 Nf6 3. Bb5+ Bd7 4. Bxd7+ Nbxd7 5. Nf3 Nxd5 6. 0-0 e6 7. b3 Qf6 8. d4 Nf4 9. Nc3 Qf5 10. Re1 Bb4 11. Qd2 g5 12. a3 Qg4 13. g3 Qxf3 14. gxf4 Bxc3 15. Qe3 Qxe3 16. Bxe3 Bxa1 0-1

[Event "SVK-chT4 A21 2223"]
[Site "Slovakia"]
[Date "2022.11.27"]
[Round "4.4"]
[White "Skreko, Jan"]
[Black "Kanka, Tomas"]
[Result "1/2-1/2"]
[WhiteElo "1512"]
[BlackElo "1671"]
[PlyCount "84"]
[EventDate "2022.10.09"]
[EventType "team-tourn"]
[EventRounds "11"]
[EventCountry "SVK"]
[SourceTitle "EXT 2024"]
[Source "ChessBase"]
[SourceDate "2023.10.10"]
[SourceVersion "1"]
[SourceVersionDate "2023.10.10"]
[SourceQuality "1"]
[WhiteTeam "Smolenice"]
[BlackTeam "Gbely Interchess"]
[WhiteTeamCountry "SVK"]
[BlackTeamCountry "SVK"]

1. d4 Nf6 2. c4 e6 3. Nc3 Bb4 4. Bd2 c5 5. e3 cxd4 6. exd4 0-0 7. Nf3 Bxc3 8. Bxc3 b6 9. Bd3 Bb7 10. 0-0 d6 11. b3 Nbd7 12. Re1 Re8 13. h3 Qc7 14. Rc1 Rac8 15. Bb2 Ba8 16. Re3 e5 17. Bf5 Rcd8 18. d5 Nf8 19. Ng5 Ng6 20. Ne4 Nxe4 21. Rxe4 Bb7 22. Bxg6 hxg6 23. Qd2 Qe7 24. Rce1 Bc8 25. Qc3 g5 26. f4 f5 27. R4e3 gxf4 28. Rf3 Qg5 29. Bc1 Kf7 30. b4 Bb7 31. Ref1 Rh8 32. Bxf4 exf4 33. Rxf4 g6 34. Qe3 Qf6 35. Qg3 Kg7 36. Rxf5 Qd4+ 37. Kh2 Rhf8 38. Rxf8 Rxf8 39. Rxf8 Kxf8 40. Qxd6+ Kg7 41. Qe7+ Kh6 42. Qxb7 Qe5+ 1/2-1/2

[Event "Skalica op-B"]
[Site "Skalica"]
[Date "2022.08.23"]
[Round "4"]
[White "Kanka, Tomas"]
[Black "Maly, Jiri2"]
[Result "1-0"]
[WhiteElo "1707"]
[BlackElo "1381"]
[PlyCount "73"]
[EventDate "2022.08.20"]
[EventType "swiss"]
[EventRounds "9"]
[EventCountry "SVK"]
[SourceTitle "CBM 209 Extra"]
[Source "ChessBase"]
[SourceDate "2022.09.30"]
[SourceVersion "1"]
[SourceVersionDate "2022.09.30"]
[SourceQuality "1"]

1. e4 e5 2. Nf3 Nc6 3. c3 d6 4. d4 Bg4 5. Be2 Nf6 6. 0-0 a6 7. h3 Bxf3 8. Bxf3 g5 9. Bxg5 Rg8 10. Bh4 Be7 11. d5 Na7 12. Bg3 Nd7 13. Bh5 Nf6 14. Bf3 Qd7 15. Nd2 0-0-0 16. Kh2 Kb8 17. a4 Rh8 18. b4 h5 19. Bh4 Ng4+ 20. Bxg4 hxg4 21. Bxe7 gxh3 22. g3 Qxe7 23. Nb3 b6 24. Qd3 Kb7 25. Rfb1 Qf6 26. Rb2 Rb8 27. Rab1 b5 28. axb5 axb5 29. Ra1 Ra8 30. Qe2 Qh6 31. Rba2 Rhb8 32. Rxa7+ Rxa7 33. Qxb5+ Kc8 34. Qe8+ Kb7 35. Qc6+ Kc8 36. Rxa7 Rb7 37. Qe8# 1-0

[Event "Skalica op-B"]
[Site "Skalica"]
[Date "2022.08.21"]
[Round "2"]
[White "Kanka, Tomas"]
[Black "Bochnickova, Simona"]
[Result "0-1"]
[WhiteElo "1707"]
[BlackElo "1843"]
[PlyCount "75"]
[EventDate "2022.08.20"]
[EventType "swiss"]
[EventRounds "9"]
[EventCountry "SVK"]
[SourceTitle "CBM 209 Extra"]
[Source "ChessBase"]
[SourceDate "2022.09.30"]
[SourceVersion "1"]
[SourceVersionDate "2022.09.30"]
[SourceQuality "1"]

1. e4 e5 2. Nf3 Nc6 3. Bb5 Nf6 4. 0-0 Nxe4 5. Re1 Nd6 6. Nxe5 Nxe5 7. Nc3 Be7 8. Rxe5 Nxb5 9. Nd5 Kf8 10. Nxe7 d6 11. Rxb5 Qxe7 12. d4 Bg4 13. f3 c6 14. Rg5 Bd7 15. Bd2 h5 16. h4 Re8 17. Qe1 Qf6 18. Qf2 b6 19. c4 Bf5 20. Bc3 d5 21. cxd5 cxd5 22. Rc1 a5 23. Qf1 Be6 24. Qb5 Qd8 25. Re1 f6 26. Rg3 Kf7 27. Qd3 Rh6 28. Bd2 Qb8 29. Kf2 g5 30. hxg5 h4 31. gxh6 Qxg3+ 32. Kf1 Rg8 33. Qe2 Re8 34. Qd3 f5 35. Qa6 h3 36. gxh3 Qxf3+ 37. Kg1 Rg8+ 38. Kh2 0-1

[Event "SVK-chT3A2 2122"]
[Site "Slovakia"]
[Date "2021.11.07"]
[Round "3.3"]
[White "Ganz, Marek"]
[Black "Kanka, Tomas"]
[Result "1-0"]
[WhiteElo "1701"]
[BlackElo "1730"]
[PlyCount "101"]
[EventDate "2021.10.10"]
[EventType "team-tourn"]
[EventRounds "11"]
[EventCountry "SVK"]
[SourceTitle "EXT 2023"]
[Source "ChessBase"]
[SourceDate "2022.10.05"]
[SourceVersion "1"]
[SourceVersionDate "2022.10.05"]
[SourceQuality "1"]
[WhiteTeam "Modranka Komplet II"]
[BlackTeam "Gbely Nafta"]
[WhiteTeamCountry "SVK"]
[BlackTeamCountry "SVK"]

1. e4 e5 2. Nf3 Nf6 3. d3 Nc6 4. Be2 Be7 5. 0-0 0-0 6. Re1 d6 7. Nbd2 h6 8. Nf1 Nh7 9. c3 Ng5 10. Nxg5 Bxg5 11. Bg4 Bxc1 12. Rxc1 Bxg4 13. Qxg4 Qf6 14. Ne3 Ne7 15. Rf1 Qe6 16. f4 Qxg4 17. Nxg4 f6 18. Ne3 Rad8 19. Rcd1 c6 20. Nc4 d5 21. exd5 Nxd5 22. fxe5 b5 23. exf6 bxc4 24. f7+ Rxf7 25. Rxf7 Ne3 26. Rff1 cxd3 27. Rfe1 Nc4 28. b3 Na3 29. Rd2 Nb5 30. c4 Nc3 31. Kf2 Rf8+ 32. Kg1 Ne2+ 33. Rexe2 dxe2 34. Rxe2 Rb8 35. Re7 a6 36. Rc7 Rd8 37. Rxc6 Rd1+ 38. Kf2 Rd2+ 39. Kf3 Rxa2 40. Rb6 a5 41. Ra6 Rb2 42. Rxa5 Rxb3+ 43. Ke4 Rb2 44. c5 Rc2 45. Kd5 Rxg2 46. Kd6 Kf7 47. c6 Rg6+ 48. Kd7 Rg2 49. c7 Rd2+ 50. Kc6 Ke7 51. c8Q 1-0

[Event "SVK-chT5 SE-SI 2122"]
[Site "Slovakia"]
[Date "2021.11.06"]
[Round "1.1"]
[White "Kanka, Tomas"]
[Black "Harasta, Marian"]
[Result "1/2-1/2"]
[WhiteElo "1711"]
[BlackElo "1661"]
[PlyCount "49"]
[EventDate "2021.11.06"]
[EventType "team-tourn"]
[EventRounds "9"]
[EventCountry "SVK"]
[SourceTitle "EXT 2024"]
[Source "ChessBase"]
[SourceDate "2023.10.10"]
[SourceVersion "1"]
[SourceVersionDate "2023.10.10"]
[SourceQuality "1"]
[WhiteTeam "Gbely Interchess"]
[BlackTeam "Skalica III"]
[WhiteTeamCountry "SVK"]
[BlackTeamCountry "SVK"]

1. e4 c5 2. d4 cxd4 3. Nf3 Nc6 4. c3 e5 5. Bc4 Be7 6. 0-0 Nf6 7. cxd4 Nxd4 8. Nxd4 exd4 9. e5 Ne4 10. Qf3 d5 11. exd6 Nxd6 12. Bd3 0-0 13. Nd2 Bg5 14. Ne4 Bxc1 15. Raxc1 Nxe4 16. Bxe4 Rb8 17. Rfd1 Qg5 18. Qg3 Qxg3 19. hxg3 Rd8 20. Rc4 Be6 21. Rcxd4 Rxd4 22. Rxd4 Bxa2 23. Ra4 Be6 24. Rxa7 b5 25. Rb7 1/2-1/2

[Event "SVK-chT4 A21 1920"]
[Site "Slovakia"]
[Date "2020.06.14"]
[Round "11.2"]
[White "Kanka, Tomas"]
[Black "Blatnicky, Miroslav"]
[Result "0-1"]
[WhiteElo "1741"]
[BlackElo "2112"]
[PlyCount "70"]
[EventDate "2019.10.13"]
[EventType "team-tourn"]
[EventRounds "11"]
[EventCountry "SVK"]
[SourceTitle "EXT 2022"]
[Source "ChessBase"]
[SourceDate "2021.10.06"]
[SourceVersion "1"]
[SourceVersionDate "2021.10.06"]
[SourceQuality "1"]
[WhiteTeam "Gbely Nafta III"]
[BlackTeam "Vrbove"]
[WhiteTeamCountry "SVK"]
[BlackTeamCountry "SVK"]

1. e4 c6 2. c4 d5 3. cxd5 cxd5 4. exd5 Nf6 5. Nc3 Nxd5 6. Bb5+ Bd7 7. Qa4 Nb6 8. Qf4 e6 9. Nf3 Bxb5 10. Nxb5 Nd5 11. Qa4 Nc6 12. 0-0 Be7 13. Nbd4 Qa5 14. Qxa5 Nxa5 15. d3 0-0 16. Bd2 Bb4 17. Bxb4 Nxb4 18. Rfd1 Rac8 19. a3 Nc2 20. Rac1 Nxd4 21. Nxd4 h6 22. Kf1 Rxc1 23. Rxc1 Rd8 24. Nf3 Rxd3 25. Rc7 Rb3 26. Rc2 Nc6 27. Nd2 Rb5 28. Ne4 Rd5 29. f3 Kf8 30. Kf2 Ke7 31. h3 f5 32. Nc3 Rd7 33. Ne2 Kf6 34. Kg3 a6 35. Kf2 e5 0-1

[Event "SVK-chT4 A21 1920"]
[Site "Slovakia"]
[Date "2020.02.23"]
[Round "9.1"]
[White "Musaev, Matej Elbek"]
[Black "Kanka, Tomas"]
[Result "1/2-1/2"]
[WhiteElo "1659"]
[BlackElo "1741"]
[PlyCount "46"]
[EventDate "2019.10.13"]
[EventType "team-tourn"]
[EventRounds "11"]
[EventCountry "SVK"]
[SourceTitle "CBM 195 Extra"]
[Source "ChessBase"]
[SourceDate "2020.05.31"]
[SourceVersion "1"]
[SourceVersionDate "2020.05.31"]
[SourceQuality "1"]
[WhiteTeam "Piestany Kupele III"]
[BlackTeam "Gbely Nafta III"]
[WhiteTeamCountry "SVK"]
[BlackTeamCountry "SVK"]

1. e4 d5 2. exd5 Nf6 3. d4 Qxd5 4. c4 Qd8 5. Nc3 c6 6. Bf4 e6 7. Nf3 Bb4 8. Qc2 Bxc3+ 9. Qxc3 Ne4 10. Qe3 Qa5+ 11. Nd2 Nxd2 12. Qxd2 Qxd2+ 13. Bxd2 0-0 14. 0-0-0 b6 15. g4 Nd7 16. Bg2 Bb7 17. f4 f5 18. g5 a5 19. Rhe1 Rfe8 20. Re2 Kf7 21. Rde1 Nf8 22. h4 Rad8 23. Bc3 Ng6 1/2-1/2

[Event "SVK-chT4 A21 1819"]
[Site "Slovakia"]
[Date "2019.03.17"]
[Round "11.4"]
[White "Cheben, Jozef"]
[Black "Kanka, Tomas"]
[Result "0-1"]
[WhiteElo "1568"]
[BlackElo "1720"]
[PlyCount "130"]
[EventDate "2018.10.14"]
[EventType "team-tourn"]
[EventRounds "11"]
[EventCountry "SVK"]
[SourceTitle "CBM 189 Extra"]
[Source "ChessBase"]
[SourceDate "2019.05.31"]
[SourceVersion "1"]
[SourceVersionDate "2019.05.31"]
[SourceQuality "1"]
[WhiteTeam "Vrbove II"]
[BlackTeam "Gbely Nafta III"]
[WhiteTeamCountry "SVK"]
[BlackTeamCountry "SVK"]

1. d4 Nf6 2. Nf3 d5 3. e3 c6 4. h3 g6 5. Bd3 Bg7 6. c3 0-0 7. Qc2 Nbd7 8. Nbd2 Qc7 9. Nf1 e5 10. dxe5 Nxe5 11. Nxe5 Qxe5 12. Ng3 Re8 13. Bd2 Ne4 14. Nxe4 dxe4 15. Bc4 b5 16. Bb3 a5 17. a3 Ba6 18. Qb1 a4 19. Bc2 c5 20. Qd1 c4 21. Qe2 Bc8 22. 0-0-0 Rb8 23. Be1 Bb7 24. Rd4 Bc6 25. g3 Qc5 26. Rd1 Red8 27. Rxd8+ Rxd8 28. Bd2 Qe5 29. Rd1 Rb8 30. Be1 h5 31. h4 Kh7 32. Rd4 Qe7 33. Rd2 Rb7 34. Qd1 Bd7 35. Rd5 Bg4 36. Qd2 Bf6 37. Bd1 Be6 38. Rd6 Rb8 39. Bc2 Be5 40. Rd4 Bxd4 41. exd4 Bd5 42. Qe3 f5 43. Bd2 Qg7 44. Qg5 Re8 45. Be3 Bf7 46. Bd1 Kg8 47. Bf4 Kh7 48. Be3 Bd5 49. Bxh5 Bf7 50. Bd1 Kg8 51. h5 gxh5 52. Qxf5 b4 53. Bxh5 bxa3 54. Bxf7+ Qxf7 55. Qg5+ Qg7 56. bxa3 Qxg5 57. Bxg5 Kf7 58. Kc2 Ke6 59. Be3 Rb8 60. Bc1 Kf5 61. Bf4 Rb5 62. Bd6 Kg4 63. Bf4 Kf3 64. Be3 Rb3 65. d5 Rb5 0-1

[Event "SVK-chT4 A21 1819"]
[Site "Slovakia"]
[Date "2019.02.03"]
[Round "8.3"]
[White "Stehlik, Jan1"]
[Black "Kanka, Tomas"]
[Result "0-1"]
[WhiteElo "1602"]
[BlackElo "1720"]
[PlyCount "72"]
[EventDate "2018.10.14"]
[EventType "team-tourn"]
[EventRounds "11"]
[EventCountry "SVK"]
[SourceTitle "CBM 189 Extra"]
[Source "ChessBase"]
[SourceDate "2019.05.31"]
[SourceVersion "1"]
[SourceVersionDate "2019.05.31"]
[SourceQuality "1"]
[WhiteTeam "Holic II"]
[BlackTeam "Gbely Nafta III"]
[WhiteTeamCountry "SVK"]
[BlackTeamCountry "SVK"]

1. e4 e5 2. Nf3 Nc6 3. Bc4 Nf6 4. Ng5 d5 5. exd5 Na5 6. Bb5+ c6 7. dxc6 bxc6 8. Be2 h6 9. Nf3 e4 10. Ne5 Qd4 11. Ng4 Bxg4 12. Bxg4 e3 13. Bf3 exf2+ 14. Kf1 Be7 15. c3 Qc4+ 16. d3 Qe6 17. b4 Nb7 18. Kxf2 0-0 19. Re1 Qd7 20. Bxc6 Qxc6 21. Rxe7 Nd5 22. Re1 Nxc3 23. Qb3 Qf6+ 24. Kg1 Ne2+ 25. Rxe2 Qxa1 26. Re7 Nd6 27. Bf4 Nf5 28. Be5 Nd4 29. Qd1 Rfe8 30. Rxe8+ Rxe8 31. Bxd4 Qxd4+ 32. Kh1 Qxb4 33. Nd2 Qa3 34. Ne4 Rc8 35. Nf6+ Kh8 36. Qb3 Rc1+ 0-1